Alphabet Lore - Statistics

General Stats
  • This quiz has been taken 456 times
  • The average score is 14 of 26
Answer Stats
Hint Answer % Correct
Bug K
77%
One of main antagonists L
76%
Snake S
74%
4 eyed W
73%
Can clone X
72%
"Coward" N
70%
"The cool guy" A
66%
You hated him at first but then you did a complete 180 F
65%
The world Z
63%
It acts like an animal starting with B B
57%
Is a Ghost H
56%
Smacked F with D E
55%
Pixar I
55%
Heart shaped mouth R
53%
Talks in Morse Code G
48%
Is a Hammerhead Shark T
47%
Part of "Map" M
43%
Speedy P
41%
Eye moves position when transformed O
39%
Chickens out V
39%
Sounds like Goofy D
35%
Knows everything, but can't tell Q
35%
Sad but funny Y
33%
Literary dies J
31%
Faces backwards U
26%
Agressive C
25%
No matching quizzes found
Score Distribution
Percent of People with Each Score
Percentile by Number Answered
Your Score History
You have not taken this quiz